000 00380nam a2200157Ia 4500
003 Ost
005 20260225132600.0
008 260225s9999||||xx |||||||||||||| ||und||
040 _cfsic
041 _afre
082 _a70.4
100 _aernst cassirer
_eAuteur
245 0 _ala philosophie des formes symboliques :
245 0 _ble langage /
_cernst cassirer
942 _cكتاب
999 _c34696
_d34696